| 000 | 00595nam a2200217 a 4500 | ||
|---|---|---|---|
| 001 | BRL_1480 | ||
| 005 | 20190320211227.0 | ||
| 008 | 230114s1997----mx-o######---#000-0#spa-# | ||
| 020 | _a9682999650 | ||
| 041 | _aspa | ||
| 044 | _amx | ||
| 050 | 4 |
_aQ180 _b.P74 1997 |
|
| 245 | 1 | 0 | _aPremio Nacional de ciencias y artes, 1996 |
| 260 |
_aMéxico _bConsejo del Premio Nacional de Ciencias y Arte : SEP _c1997 |
||
| 300 |
_a159 p. _bil. _c21 cm. |
||
| 500 | _aAu1833 | ||
| 650 | 1 | 4 |
_aCiencia _xPremios _zMéxico _927049 |
| 650 | 1 | 4 |
_aArte _xPremios _zMéxico _927050 |
| 902 | _aGRL | ||
| 942 |
_2lcc _cB |
||
| 999 |
_c10290 _d10290 |
||